Villes françaises en latin - Statistiques

Statistiques générales
  • Ce quiz a été pris 49 fois
  • Le résultat moyen est 10 sur 20
Statistiques - réponses
Latin Français % Correct
Massilia Marseille
96%
Nicaea Nice
96%
Lutetia Paris
96%
Tolosa Toulouse
96%
Lugdunum Lyon
91%
Burdigala Bordeaux
83%
Nemausus Nîmes
74%
Narbo Martius Narbonne
72%
Isla Lille
54%
Arelate Arles
46%
Aquae Sextiae Aix-en-Provence
39%
Condate Riedonum Rennes
37%
Avenio Avignon
30%
Rotomagus Rouen
28%
Aureliani Orléans
22%
Argentoratum Strasbourg
17%
Vesentio Besançon
13%
Divodurum Metz
13%
Condevincum Nantes
13%
Arausio Orange
13%
Aucun quiz correspondant
Distribution des résultats
% des personnes avec chaque résultat
Percentile par nombre de réponses
Votre historique - résultats
Vous n’avez pas pris ce quiz